[Event "Oberliga Nord O 1617"]
[Site "Germany"]
[Date "2016.12.04"]
[Round "3.8"]
[White "Alcer, Fabian"]
[Black "Bachmann, Andreas"]
[Result "0-1"]
[WhiteElo "1822"]
[BlackElo "2219"]
[PlyCount "44"]
[EventDate "2016.10.16"]
[EventType "team-tourn"]
[EventRounds "9"]
[EventCountry "GER"]
[SourceTitle "EXT 2018"]
[Source "ChessBase"]
[SourceDate "2017.10.13"]
[SourceVersion "1"]
[SourceVersionDate "2017.10.13"]
[SourceQuality "1"]
[WhiteTeam "Kreuzberg"]
[BlackTeam "Berlin Empor"]
[WhiteTeamCountry "GER"]
[BlackTeamCountry "GER"]

1. e4 c6 2. d4 d5 3. Nd2 dxe4 4. Nxe4 Bf5 5. Ng3 Bg6 6. Nh3 e6 7. Nf4 Bd6 8. Nxg6 hxg6 9. Ne4 Nf6 10. Nxd6+ Qxd6 11. h3 Nbd7 12. c3 0-0-0 13. Qf3 e5 14. Be3 exd4 15. Bxd4 Rhe8+ 16. Be3 Ne5 17. Qd1 Nd5 18. Be2 Nxe3 19. fxe3 Nd3+ 20. Qxd3 Qg3+ 21. Kd2 Rxd3+ 22. Bxd3 Qxg2+ 0-1

[Event "Berlin Lichtenberger op 12th"]
[Site "Berlin"]
[Date "2013.08.17"]
[Round "1"]
[White "Kammler, Hans Joachim"]
[Black "Alcer, Fabian"]
[Result "0-1"]
[WhiteElo "1487"]
[BlackElo "1776"]
[PlyCount "58"]
[EventDate "2013.08.17"]
[EventType "swiss"]
[EventRounds "9"]
[EventCountry "GER"]
[SourceTitle "CBM 156 Extra"]
[Source "ChessBase"]
[SourceDate "2013.10.22"]
[SourceVersion "1"]
[SourceVersionDate "2013.10.22"]
[SourceQuality "1"]

1. e4 e5 2. Nf3 Nc6 3. Bb5 a6 4. Ba4 Nf6 5. 0-0 Be7 6. Re1 b5 7. Bb3 d6 8. c3 0-0 9. d4 exd4 10. Nxd4 Na5 11. Bc2 Re8 12. b4 Nc4 13. a4 Bd7 14. Na3 c5 15. Nxc4 bxc4 16. bxc5 dxc5 17. Nf3 Qa5 18. Ra3 Rad8 19. Qe2 h6 20. e5 Nh7 21. Qe4 Nf8 22. Qxc4 Be6 23. Qe2 c4 24. Ra2 Qxc3 25. Bd2 Rxd2 26. Qxd2 Qxd2 27. Nxd2 Bb4 28. Re2 Bxd2 29. Rxd2 c3 0-1

[Event "GER-ch U25 op-A"]
[Site "Oberhof"]
[Date "2013.05.19"]
[Round "2"]
[White "Alcer, Fabian"]
[Black "Baudy, Niklas"]
[Result "1/2-1/2"]
[WhiteElo "1732"]
[BlackElo "1675"]
[PlyCount "69"]
[EventDate "2013.05.19"]
[EventType "swiss"]
[EventRounds "9"]
[EventCountry "GER"]
[SourceTitle "CBM 154 Extra"]
[Source "ChessBase"]
[SourceDate "2013.06.25"]
[SourceVersion "2"]
[SourceVersionDate "2013.06.25"]
[SourceQuality "1"]

1. e4 c5 2. c3 g6 3. d4 cxd4 4. cxd4 d5 5. exd5 Nf6 6. Nf3 Nxd5 7. Bc4 Nb6 8. Bb3 Bg7 9. Nc3 0-0 10. h3 Nc6 11. Be3 Na5 12. Bc2 Be6 13. 0-0 Nac4 14. Bc1 Rc8 15. Re1 a6 16. b3 Nd6 17. Bb2 Nf5 18. Be4 Rc7 19. Ne2 Rd7 20. Rc1 Qb8 21. Nf4 Qxf4 22. Rc2 Rfd8 23. Bc1 Qb8 24. Rce2 Nxd4 25. Nxd4 Rxd4 26. Qc2 Nd5 27. Bb2 Nb4 28. Qc5 Nd3 29. Bxd3 Rxd3 30. Bxg7 Kxg7 31. Rxe6 fxe6 32. Qxe7+ Kh6 33. Qh4+ Kg7 34. Qe7+ Kh6 35. Qh4+ 1/2-1/2

[Event "GER-chT U20"]
[Site "Osnabrueck"]
[Date "2012.12.29"]
[Round "6.5"]
[White "Merker, Konstantin"]
[Black "Alcer, Fabian"]
[Result "1-0"]
[WhiteElo "1727"]
[BlackElo "1664"]
[PlyCount "61"]
[EventDate "2012.12.27"]
[EventType "team-swiss"]
[EventRounds "7"]
[EventCountry "GER"]
[SourceTitle "EXT 2014"]
[Source "ChessBase"]
[SourceDate "2013.11.20"]
[SourceVersion "1"]
[SourceVersionDate "2013.11.20"]
[SourceQuality "1"]
[WhiteTeam "Coswig 1920"]
[BlackTeam "Berlin Empor"]
[WhiteTeamCountry "GER"]
[BlackTeamCountry "GER"]

1. d4 Nf6 2. c4 c5 3. d5 b5 4. e3 g6 5. Nf3 d6 6. Be2 Bg7 7. 0-0 0-0 8. cxb5 a6 9. Nc3 Nbd7 10. bxa6 Bxa6 11. Bxa6 Rxa6 12. e4 Qa5 13. Re1 Rb8 14. e5 dxe5 15. Nxe5 Nxe5 16. Rxe5 Nxd5 17. Rxd5 Bxc3 18. bxc3 Qxc3 19. Bh6 Rd6 20. Rxd6 exd6 21. a4 d5 22. a5 Qf6 23. Rb1 Rd8 24. Rb6 Qc3 25. a6 Qa5 26. Qb1 f6 27. h3 d4 28. Rb8 Rxb8 29. Qxb8+ Kf7 30. a7 Qe1+ 31. Kh2 1-0

[Event "GER-chT U20"]
[Site "Osnabrueck"]
[Date "2012.12.28"]
[Round "4.5"]
[White "Beinke, Lukas"]
[Black "Alcer, Fabian"]
[Result "1/2-1/2"]
[WhiteElo "1866"]
[BlackElo "1664"]
[PlyCount "120"]
[EventDate "2012.12.27"]
[EventType "team-swiss"]
[EventRounds "7"]
[EventCountry "GER"]
[SourceTitle "EXT 2014"]
[Source "ChessBase"]
[SourceDate "2013.11.20"]
[SourceVersion "1"]
[SourceVersionDate "2013.11.20"]
[SourceQuality "1"]
[WhiteTeam "Hagen"]
[BlackTeam "Berlin Empor"]
[WhiteTeamCountry "GER"]
[BlackTeamCountry "GER"]

1. e4 e5 2. Nf3 Nc6 3. Bc4 Nf6 4. Ng5 d5 5. exd5 Na5 6. Bb5+ c6 7. dxc6 bxc6 8. Qf3 Bb7 9. Ba4 Be7 10. 0-0 0-0 11. Ne4 Nd5 12. d3 c5 13. Qe2 Qc7 14. Nbc3 Nb6 15. Bb3 Nxb3 16. axb3 f5 17. Nd2 a6 18. Nc4 Bf6 19. Na5 Bc8 20. Qf3 Be6 21. Qc6 Qxc6 22. Nxc6 Nd5 23. Nxd5 Bxd5 24. Na5 e4 25. dxe4 Bxe4 26. c3 Rfb8 27. Re1 Bd8 28. f3 Bc2 29. Nc4 Bxb3 30. Nd2 Bc2 31. Re6 a5 32. Rc6 a4 33. Kf2 Rc8 34. Re6 Kf7 35. Re8 c4 36. Nf1 g5 37. f4 g4 38. Re5 Bc7 39. Rb5 Rab8 40. Rxb8 Rxb8 41. h3 gxh3 42. gxh3 Bb6+ 43. Be3 Bxe3+ 44. Nxe3 Rxb2 45. Nxc4 Rb8 46. Ne3 Rb2 47. Kg3 Bb3 48. Nxf5 Rd2 49. Kh4 Rd1 50. Ra3 Rd3 51. c4 Kf6 52. Ng3 Rd4 53. Kg4 Bxc4 54. h4 Be6+ 55. Kf3 Bb3 56. Ne4+ Kg6 57. Nc5 Rc4 58. Ne4 Rc2 59. Ra1 Rh2 60. Nc5 Rxh4 1/2-1/2

[Event "GER-chT U20"]
[Site "Osnabrueck"]
[Date "2012.12.27"]
[Round "1.5"]
[White "Shishkov, Mark"]
[Black "Alcer, Fabian"]
[Result "0-1"]
[WhiteElo "1885"]
[BlackElo "1664"]
[PlyCount "94"]
[EventDate "2012.12.27"]
[EventType "team-swiss"]
[EventRounds "7"]
[EventCountry "GER"]
[SourceTitle "EXT 2014"]
[Source "ChessBase"]
[SourceDate "2013.11.20"]
[SourceVersion "1"]
[SourceVersionDate "2013.11.20"]
[SourceQuality "1"]
[WhiteTeam "Solingen"]
[BlackTeam "Berlin Empor"]
[WhiteTeamCountry "GER"]
[BlackTeamCountry "GER"]

1. d4 Nf6 2. c4 c5 3. d5 b5 4. cxb5 a6 5. bxa6 Bxa6 6. g3 g6 7. Bg2 d6 8. Nc3 Bg7 9. Nf3 0-0 10. 0-0 Nbd7 11. h3 Qa5 12. Qc2 Rfb8 13. Re1 Ra7 14. e4 Ne8 15. Bd2 Nc7 16. a3 Rab7 17. Reb1 Nb5 18. Bf1 Nxc3 19. Bxa6 Qxa6 20. Bxc3 Bxc3 21. bxc3 Rxb1+ 22. Rxb1 Rxb1+ 23. Qxb1 Qxa3 24. Qd3 Qa4 25. Kg2 Kg7 26. h4 h6 27. Qe3 Nf6 28. Nd2 Ng4 29. Qe2 h5 30. Nf3 Qa5 31. c4 Qc3 32. Nd2 Ne5 33. f4 Ng4 34. Kh3 Qc2 35. Qe1 Qc3 36. Qe2 Qc1 37. Kg2 Nf6 38. e5 dxe5 39. fxe5 Ng4 40. Nb3 Qe3 41. Qxe3 Nxe3+ 42. Kf2 Ng4+ 43. Ke2 Nxe5 44. Nxc5 Nxc4 45. Kf3 Nd6 46. g4 hxg4+ 47. Kxg4 Nf5 0-1

[Event "GER-chT North U16"]
[Site "Berlin"]
[Date "2012.09.08"]
[Round "6.1"]
[White "Alcer, Fabian"]
[Black "Oshionwu, Nelo"]
[Result "0-1"]
[WhiteElo "1720"]
[BlackElo "1909"]
[PlyCount "116"]
[EventDate "2012.09.06"]
[EventType "team-swiss"]
[EventRounds "7"]
[EventCountry "GER"]
[SourceTitle "EXT 2015"]
[Source "ChessBase"]
[SourceDate "2014.11.20"]
[SourceVersion "1"]
[SourceVersionDate "2014.11.20"]
[SourceQuality "1"]
[WhiteTeam "Berlin Empor"]
[BlackTeam "Gottingen"]
[WhiteTeamCountry "GER"]
[BlackTeamCountry "GER"]

1. e4 e5 2. Nf3 Nc6 3. Bc4 Nf6 4. d3 h6 5. c3 Bc5 6. 0-0 0-0 7. Re1 d6 8. Nbd2 Be6 9. Bb3 a5 10. Nf1 Re8 11. Ng3 Ne7 12. Nh4 Qd7 13. h3 Bxh3 14. gxh3 Qxh3 15. d4 exd4 16. cxd4 Bb4 17. Nf3 Bxe1 18. Qxe1 Ng6 19. Bc2 Nxe4 20. Bxe4 d5 21. Qf1 Qxf1+ 22. Kxf1 dxe4 23. Nd2 Rad8 24. Ndxe4 Rxd4 25. Bxh6 Rexe4 26. Nxe4 Rxe4 27. Bd2 a4 28. Rc1 c6 29. Rc3 Nf4 30. Rg3 Rd4 31. Ke1 Ne6 32. Bc3 Rd5 33. Rg4 b5 34. Ke2 f5 35. Rh4 c5 36. a3 Kf7 37. Ke3 Rd1 38. Rh8 Rd8 39. Rxd8 Nxd8 40. Kf4 g6 41. Ke5 b4 42. axb4 cxb4 43. Bd2 b3 44. Bc3 Ne6 45. Kd5 Nf4+ 46. Kc4 Ke6 47. Kb5 Nd5 48. Bd4 Nf4 49. Kxa4 Kd5 50. Bg7 Kc6 51. Ka3 Nh3 52. f3 g5 53. Be5 Ng1 54. f4 g4 55. Bb8 Ne2 56. Ka4 g3 57. Ba7 g2 58. Ka5 g1Q 0-1

[Event "GER-chT North U16"]
[Site "Berlin"]
[Date "2012.09.06"]
[Round "1.1"]
[White "Alcer, Fabian"]
[Black "Carmesin, Matthias"]
[Result "0-1"]
[WhiteElo "1720"]
[BlackElo "2011"]
[PlyCount "46"]
[EventDate "2012.09.06"]
[EventType "team-swiss"]
[EventRounds "7"]
[EventCountry "GER"]
[SourceTitle "EXT 2015"]
[Source "ChessBase"]
[SourceDate "2014.11.20"]
[SourceVersion "1"]
[SourceVersionDate "2014.11.20"]
[SourceQuality "1"]
[WhiteTeam "Berlin Empor"]
[BlackTeam "Stade"]
[WhiteTeamCountry "GER"]
[BlackTeamCountry "GER"]

1. e4 c5 2. c3 d5 3. exd5 Qxd5 4. d4 Nc6 5. Nf3 cxd4 6. cxd4 e5 7. Nc3 Bb4 8. Bd2 Bxc3 9. Bxc3 e4 10. Ne5 Nxe5 11. dxe5 Ne7 12. Be2 0-0 13. 0-0 Be6 14. Qa4 a6 15. Rfd1 Qc6 16. Qc2 Rfd8 17. Rac1 Rac8 18. Rxd8+ Rxd8 19. Ba5 Rd5 20. Bc7 Qxc2 21. Rxc2 Nc6 22. f4 Nd4 23. Rd2 e3 0-1

[Event "GER-chT Nord-Ost U20 U20 1112"]
[Site "Germany"]
[Date "2012.02.18"]
[Round "6.3"]
[White "Praczyk, Karl"]
[Black "Alcer, Fabian"]
[Result "0-1"]
[WhiteElo "1717"]
[BlackElo "1739"]
[PlyCount "84"]
[EventDate "2011.09.24"]
[EventType "team-tourn"]
[EventRounds "9"]
[EventCountry "GER"]
[SourceTitle "EXT 2015"]
[Source "ChessBase"]
[SourceDate "2014.11.20"]
[SourceVersion "1"]
[SourceVersionDate "2014.11.20"]
[SourceQuality "1"]

1. e4 e5 2. Nc3 Nc6 3. g3 Bc5 4. Bg2 d6 5. Nge2 Nge7 6. 0-0 0-0 7. Na4 Bb6 8. Nxb6 axb6 9. d3 Be6 10. a3 Qd7 11. f4 Bh3 12. f5 Bxg2 13. Kxg2 f6 14. g4 d5 15. Qe1 dxe4 16. dxe4 Nd4 17. Nxd4 Qxd4 18. Qe3 Rfd8 19. Qb3+ Kf8 20. Kf3 Nc6 21. Be3 Ra4 22. Bxd4 Nxd4+ 23. Ke3 Nxb3 24. cxb3 Rad4 25. Rac1 Rd3+ 26. Kf2 c6 27. Rfe1 Rxb3 28. Re2 Rbd3 29. Rcc2 Ke7 30. Kg2 b5 31. Kf2 h5 32. gxh5 Rh8 33. Rcd2 Rh3 34. Kg1 R3xh5 35. Rg2 R5h7 36. Rd1 Rd8 37. Rxd8 Kxd8 38. Rg3 Ke7 39. h3 Kd6 40. Kg2 Kc5 41. Kf3 Kd4 42. b4 b6 0-1

[Event "Berlin-ch 2011 U14 Vorrunde 1"]
[Site "Berlin"]
[Date "2010.09.18"]
[Round "1.2"]
[White "Glase, Johan"]
[Black "Alcer, Fabian"]
[Result "0-1"]
[WhiteElo "1118"]
[BlackElo "1627"]
[PlyCount "126"]
[EventDate "2010.09.18"]
[EventType "swiss"]
[EventRounds "7"]
[EventCountry "GER"]
[SourceTitle "EXT 2022"]
[Source "ChessBase"]
[SourceDate "2021.10.06"]
[SourceVersion "1"]
[SourceVersionDate "2021.10.06"]
[SourceQuality "1"]

1. c4 e5 2. Nc3 c6 3. d3 Bb4 4. Bd2 Nf6 5. Nf3 d6 6. g3 Bc5 7. Bg2 Bg4 8. a3 Nbd7 9. 0-0 0-0 10. b4 Bb6 11. Qc2 Qe7 12. Rfc1 Bd4 13. e3 Bb6 14. Na4 e4 15. Ng5 exd3 16. Qxd3 Ne5 17. Qc2 h6 18. Ne4 Bf3 19. Nxf6+ Qxf6 20. c5 dxc5 21. Nxb6 axb6 22. bxc5 Bxg2 23. Kxg2 bxc5 24. f4 Ng6 25. Qxc5 Rfd8 26. Bc3 Qe6 27. Bd4 Qe4+ 28. Kf2 Ne7 29. Qe5 Qxe5 30. Bxe5 Rd2+ 31. Kg1 Nf5 32. e4 Ne3 33. f5 Ng4 34. Bf4 Rxh2 35. Rab1 Re8 36. e5 Re2 37. Re1 Rxe1+ 38. Rxe1 g5 39. fxg6 fxg6 40. e6 g5 41. Bd6 Kg7 42. e7 Kf7 43. Rf1+ Ke6 44. Rf8 Nf6 45. Bb4 b6 46. Kf2 c5 47. Bc3 Ne4+ 48. Kf3 Nd6 49. Bf6 Kd7 50. Kg4 Nc8 51. Rxe8 Kxe8 52. Kh5 Nxe7 53. g4 Ng8 54. Bg7 Kf7 55. Be5 Nf6+ 56. Kxh6 Nxg4+ 57. Kxg5 Nxe5 58. Kf4 c4 59. Ke3 c3 60. Ke2 Ke6 61. Kd1 Kd5 62. Kc2 Kc4 63. a4 Nc6 0-1